1727 1495 1432 1468 1666 1674 1526 1164 1393 1508 1403 1367 1125 1292 1257 1014 1786 1269 1964 1124 1543 1539 1932 1702 1162 1506 1617 1518 1413 1903 1277 1655 1428 1280 1660 1020 1204 1272 1263 1460 1184 1991 1838 1542 1318 1922 1363 1658 1500 1182 1343 1363 1763 1683 1610 1450 1107 1594 1949 1195 1582 1861 1694 1736 1456 1353 1121 1347 1351 1909 1171 1755 1799 1223 1486 1013 1537 1013 1392 1423 1668 1649 1492 1672 1025 1805 1939 1475 1910 1485 1118 1464 1371 1885 1226 1612 1083 1683 1256 BCNSPRNW ULIB Ver.6.0+V

เปลี่ยนเป็นภาษาไทย

Change to English
 แสดงรายละเอียดบรรณานุกรม
  กลับหน้าหลัก

Brief Record : Get Marc (ISO 2709) : E-mail record : QR code < ปิดหน้าต่าง
LEADER : 00000nam 2200000uu 4500
001    13399114054
003     ULIB
008    110627s||||||||th 000 0 tha d
020    9789749899236
090    นว.^bย731ค 2550
100 0  โยโคมิโซะ เซซิ
245 00 คินดะอิจิยอดนักสืบ ตอนที่ 2 หมู่บ้านแปดหลุมศพ/^cโยโคมิโซะ เซซิ
250    พิมพ์ครั้งที่ 9
260    กรุงเทพฯ :^bBLISS publishing,^c2553
300    488 หน้า
710 1  BLISS publishing
945    ^p235^l0^i022057
995    ทศพร
999 ^a ใช้งานได้ทุกระบบ
รายการนี้ยังไม่มีแท็ก
คุณยังไม่ได้ล็อกอิน คุณสามารถมีกิจกรรมร่วมกับเว็บไซต์ได้ แต่ต้องล็อกอินก่อน ::
  ล็อกอิน

รายการสื่อสารสนเทศ

ลำดับที่ ประเภท เลขเรียก/บาร์โค้ด สถานที่ สถานะ
1. นวนิยาย
นวนิยาย
นว. ย731ค 2550 ฉ.1 
  Barcode: 022057
ห้องสมุดวิทยาเขตสวรรค์ประชารักษ์
►นวนิยาย
บนชั้น
  ขอยืม

รายการใกล้เคียง
    ผู้แต่ง [โยโคมิโซะ เซซิ]

BibComment


ยังไม่เคยถูกคอมเมนท์

คอมเมนท์ทรัพยากรรายการนี้
  คอมเมนท์: คินดะอิจิยอดนักสื..


 Copyright 2026. Bcnsprnw @Library